LEADER 01443aam a2200313 u 4500 001 000000015223 003 CaOOAMICUS 005 20070226105845.0 008 940513s1982 fr u000 u fre u 020 $a2-7010-1043-8 035 $a10356597 040 $aEFR(R)$bita 111 2 $aConcilium Ephesinum$d(431).$0(OLS)http://pul/name/11448 245 10$aEphèse et Chalcédoine :$bactes des Conciles /$ctraduits par A.J. Festugière. 260 $aParis :$bBeauchesne,$c1982. 300 $a895 p. :$b22 cm 490 1 $aTextes, dossiers, documents, ;$v6 650 0$aCouncils and synods$zGaul$xHistory$xSources.$2//eng$0(OLS)http://pul/subject/10636 650 0$aChurch history$yMiddle Ages, 600-1500$xSources.$2//eng$0(OLS)http://pul/subject/5367 700 1 $aFestugière, A. J.$q(André Jean),$cO.P.,$d1898-1982.$0(OLS)http://pul/name/13 711 2 $aConcilium Chalcedonense$d(451).$0(OLS)http://pul/name/14016 830 0$aTextes, dossiers, documents,$x0244-5735 ;$v6.$0(OLS)http://pul/title/13972 850 $aPUL 852 $aPUL$W1$xSL Religione 1$y3$m27 B 33$j21332$nBK-PRI$b $qStampati$B21332$CPULBib$Z2$F21332 $H $81 941 1 $a8 961 $aINV: 50251 996 $6020$a2-7010-1043-8$9(OLS)http://pul/number/19399 996 $6245$aEphèse et Chalcédoine :$bactes des Conciles$9(OLS)http://pul/title/21835 996 $6260$aParis :$bBeauchesne$9(OLS)http://pul/publisher/48115 LEADER 01339nam a2200277 u 4500 001 000000063440 003 CaOOAMICUS 005 20070226121238.0 008 011025s1976 it u000 u ita u 035 $a10907896 040 $aPUL(R)$bita 100 1 $aMarini, Mario.$0(OLS)http://pul/name/43033 245 13$aLa relazione interpersonale e l'incontro con Dio in Maurice Nédoncelle /$cMario Marini. 260 $aBrescia :$bMorcelliana,$cc1976. 300 $a155 p. ;$c24 cm 490 1 $aPubblicazioni del Pontificio Seminario Lombardo in Roma.$aRicerche di scienze teologiche.$aSerie minore ;$v3 504 $aBibliografia p. 135-149. 600 14$aNédoncelle, Maurice,$d1905-$0(OLS)http://pul/subject/23776 710 2 $aPontificio seminario lombardo (Roma).$0(OLS)http://pul/name/2945 830 0$aPubblicazioni del Pontificio Seminario Lombardo in Roma.$pRicerche di scienze teologiche.$pSerie minore ;$v3.$0(OLS)http://pul/title/84588 850 $aPUL 852 $aPUL$W1$xSL Religione 1$y3$m71.L$j3674$nBK-PRI$b $qStampati$B82338$CPULBib$Z2$F82338 $H $81 941 1 $a8 961 $aINV: 43331 996 $6245$aLa relazione interpersonale e l'incontro con Dio in Maurice Nédoncelle$9(OLS)http://pul/title/84587 996 $6260$aBrescia :$bMorcelliana$9(OLS)http://pul/publisher/47854